[Event "CZE-chT2C 2223"]
[Site "Czech Republic"]
[Date "2023.03.05"]
[Round "10.6"]
[White "Polansky, Adam Lubos"]
[Black "Vokolek, Jaroslav"]
[Result "0-1"]
[WhiteElo "2037"]
[BlackElo "1892"]
[PlyCount "67"]
[EventDate "2022.10.16"]
[EventType "team-tourn"]
[EventRounds "11"]
[EventCountry "CZE"]
[SourceTitle "EXT 2024"]
[Source "ChessBase"]
[SourceDate "2023.10.10"]
[SourceVersion "1"]
[SourceVersionDate "2023.10.10"]
[SourceQuality "1"]
[WhiteTeam "Jicin"]
[BlackTeam "Kutna Hora"]
[WhiteTeamCountry "CZE"]
[BlackTeamCountry "CZE"]

1. d4 Nf6 2. c4 e6 3. g3 Bb4+ 4. Bd2 Qe7 5. Bg2 0-0 6. Nf3 Bxd2+ 7. Qxd2 Nc6 8. 0-0 d6 9. Nc3 e5 10. d5 Nb8 11. b4 Bg4 12. Ne1 Nbd7 13. e4 Rfc8 14. Nd3 h6 15. f3 Bh5 16. Bh3 a5 17. b5 Re8 18. Nd1 b6 19. Ne3 Bg6 20. a4 Rf8 21. Rad1 Rad8 22. Bf5 Rde8 23. Rf2 Qd8 24. Rg2 Nh7 25. h4 h5 26. g4 Kh8 27. Bxg6 fxg6 28. gxh5 gxh5 29. Nf5 Rxf5 30. exf5 Rf8 31. f4 Rxf5 32. Qf2 Nhf6 33. Rg5 Ne4 34. Qf3 0-1

[Event "CZE-chT2B 1920"]
[Site "Czech Republic"]
[Date "2020.01.12"]
[Round "6.2"]
[White "Parizek, Vojtech"]
[Black "Polansky, Adam Lubos"]
[Result "1-0"]
[WhiteElo "2195"]
[BlackElo "2011"]
[PlyCount "67"]
[EventDate "2019.10.13"]
[EventType "team-tourn"]
[EventRounds "11"]
[EventCountry "CZE"]
[SourceTitle "EXT 2024"]
[Source "ChessBase"]
[SourceDate "2023.10.10"]
[SourceVersion "1"]
[SourceVersionDate "2023.10.10"]
[SourceQuality "1"]
[WhiteTeam "Kobylisy"]
[BlackTeam "Usti nad Labem"]
[WhiteTeamCountry "CZE"]
[BlackTeamCountry "CZE"]

1. e4 c5 2. Nf3 Nc6 3. d4 cxd4 4. Nxd4 Nf6 5. Nc3 e5 6. Ndb5 d6 7. Bg5 a6 8. Na3 b5 9. Bxf6 gxf6 10. Nd5 f5 11. c3 Bg7 12. exf5 Bxf5 13. Nc2 0-0 14. Nce3 Be6 15. Bd3 f5 16. Bc2 Ne7 17. Nxe7+ Qxe7 18. Bxf5 Bxf5 19. Nxf5 Qf7 20. Qd5 Ra7 21. Ne3 Bh6 22. 0-0 Bxe3 23. Qxf7+ Raxf7 24. fxe3 d5 25. Rxf7 Rxf7 26. Rd1 Rd7 27. e4 d4 28. cxd4 exd4 29. Kf2 Kf7 30. Ke2 Ke6 31. Kd3 Rf7 32. Rc1 Kd6 33. Rc2 Ke5 34. Rc5+ 1-0

[Event "CZE-chT2B 1920"]
[Site "Czech Republic"]
[Date "2019.12.15"]
[Round "5.3"]
[White "Musil, Miroslav"]
[Black "Polansky, Adam Lubos"]
[Result "1-0"]
[WhiteElo "2007"]
[BlackElo "2011"]
[PlyCount "97"]
[EventDate "2019.10.13"]
[EventType "team-tourn"]
[EventRounds "11"]
[EventCountry "CZE"]
[SourceTitle "EXT 2024"]
[Source "ChessBase"]
[SourceDate "2023.10.10"]
[SourceVersion "1"]
[SourceVersionDate "2023.10.10"]
[SourceQuality "1"]
[WhiteTeam "Karlovy Vary Tietz II"]
[BlackTeam "Usti nad Labem"]
[WhiteTeamCountry "CZE"]
[BlackTeamCountry "CZE"]

1. c4 e5 2. Nc3 Nc6 3. g3 Bc5 4. Bg2 d6 5. e3 a6 6. Nge2 Ba7 7. d4 h5 8. h3 h4 9. g4 f5 10. gxf5 Bxf5 11. dxe5 dxe5 12. Bxc6+ bxc6 13. Qxd8+ Rxd8 14. b3 Nh6 15. Ba3 Nf7 16. Rd1 Ng5 17. Rxd8+ Kxd8 18. Ng1 Ke8 19. Ke2 Kf7 20. Nf3 Nxf3 21. Kxf3 Rd8 22. Bc1 Bc5 23. Ne4 Be7 24. Bb2 Bf6 25. Bc3 g5 26. Nxf6 Kxf6 27. Kg2 Be4+ 28. f3 Rd3 29. Ba5 Bg6 30. Re1 e4 31. Kf2 Kf5 32. Rg1 exf3 33. Kxf3 Bh5+ 34. Kf2 g4 35. e4+ Kg5 36. hxg4 Bxg4 37. Bxc7 Rf3+ 38. Ke1 Re3+ 39. Kd2 Rxe4 40. Rg2 h3 41. Rf2 Kh4 42. Kd3 Re1 43. Kd4 a5 44. Kc5 Bd7 45. Rd2 Be8 46. Kb6 Rg1 47. Kxa5 Rg2 48. Rxg2 hxg2 49. Bh2 1-0

[Event "Pardubice Czech op-B 30th"]
[Site "Pardubice"]
[Date "2019.07.27"]
[Round "9"]
[White "Polansky, Adam Lubos"]
[Black "Haase, Pavel"]
[Result "1/2-1/2"]
[WhiteElo "2033"]
[BlackElo "2160"]
[PlyCount "25"]
[EventDate "2019.07.19"]
[EventType "swiss"]
[EventRounds "9"]
[EventCountry "CZE"]
[SourceTitle "EXT 2020"]
[Source "ChessBase"]
[SourceDate "2019.10.17"]
[SourceVersion "1"]
[SourceVersionDate "2019.10.17"]
[SourceQuality "1"]

1. d4 f5 2. Nc3 Nf6 3. Bg5 d5 4. Bxf6 exf6 5. e3 c6 6. Bd3 g6 7. Qf3 Bd6 8. Nge2 Be6 9. h4 h5 10. Nf4 Bf7 11. 0-0-0 Nd7 12. Qe2 Qa5 13. Qe1 1/2-1/2

[Event "Ricany op-A"]
[Site "Ricany"]
[Date "2018.08.30"]
[Round "7"]
[White "Polansky, Adam Lubos"]
[Black "Jun, Rudolf Jr"]
[Result "1/2-1/2"]
[WhiteElo "1990"]
[BlackElo "1842"]
[PlyCount "39"]
[EventDate "2018.08.25"]
[EventType "swiss"]
[EventRounds "9"]
[EventCountry "CZE"]
[SourceTitle "EXT 2019"]
[Source "ChessBase"]
[SourceDate "2018.10.10"]
[SourceVersion "1"]
[SourceVersionDate "2018.10.10"]
[SourceQuality "1"]

1. d4 Nf6 2. c4 g6 3. Nc3 Bg7 4. e4 d6 5. Be2 0-0 6. Be3 e5 7. d5 a5 8. g4 Na6 9. g5 Ne8 10. h4 Nc5 11. h5 Bd7 12. Nf3 Qe7 13. Kf1 Bh8 14. Kg2 Bg4 15. hxg6 fxg6 16. Rh4 Bh5 17. Qh1 Ng7 18. Qh3 Rac8 19. Rd1 Na6 20. Rd2 1/2-1/2

[Event "Liberec op 18th"]
[Site "Liberec"]
[Date "2018.02.26"]
[Round "3"]
[White "Polansky, Adam Lubos"]
[Black "Ruzicka, Vaclav1111"]
[Result "1-0"]
[WhiteElo "1949"]
[BlackElo "1614"]
[PlyCount "61"]
[EventDate "2018.02.24"]
[EventType "swiss"]
[EventRounds "9"]
[EventCountry "CZE"]
[SourceTitle "CBM 183 Extra"]
[Source "ChessBase"]
[SourceDate "2018.04.19"]
[SourceVersion "1"]
[SourceVersionDate "2018.04.19"]
[SourceQuality "1"]

1. e4 c6 2. d4 d5 3. e5 c5 4. dxc5 e6 5. a3 Qc7 6. Nf3 Bxc5 7. b4 Bb6 8. Bd3 h6 9. Bb2 Ne7 10. Nbd2 Bd7 11. c4 a6 12. Rc1 Qd8 13. 0-0 Nbc6 14. Qb3 Bc7 15. Bb1 dxc4 16. Nxc4 b5 17. Nd6+ Kf8 18. Rfd1 Nd5 19. Be4 Nce7 20. Bd4 Qb8 21. Bc5 Kg8 22. Nxb5 Bxb5 23. Bxe7 Bxe5 24. Rxd5 Bxh2+ 25. Nxh2 exd5 26. Bxd5 Be8 27. Bxa8 Qxa8 28. Nf3 Kh7 29. Qd3+ g6 30. Bf6 Rg8 31. Ng5+ 1-0

[Event "CZE-ch U14"]
[Site "Kouty nad Desnou"]
[Date "2017.03.17"]
[Round "8"]
[White "Polansky, Adam Lubos"]
[Black "Svanda, Ondrej"]
[Result "0-1"]
[WhiteElo "1763"]
[BlackElo "2022"]
[PlyCount "26"]
[EventDate "2017.03.11"]
[EventType "swiss"]
[EventRounds "9"]
[EventCountry "CZE"]
[SourceTitle "CBM 177 Extra"]
[Source "ChessBase"]
[SourceDate "2017.04.27"]
[SourceVersion "1"]
[SourceVersionDate "2017.04.27"]
[SourceQuality "1"]

1. d4 Nf6 2. c4 c5 3. Nf3 cxd4 4. Nxd4 e5 5. Nb5 d5 6. cxd5 Bc5 7. g3 0-0 8. Bg2 Bxf2+ 9. Kxf2 Qb6+ 10. Nd4 exd4 11. Qb3 Qc5 12. Qa3 Ng4+ 13. Ke1 Qxc1# 0-1

[Event "CZE-ch U14"]
[Site "Kouty nad Desnou"]
[Date "2017.03.13"]
[Round "3"]
[White "Polansky, Adam Lubos"]
[Black "Ocko, Dominik"]
[Result "1/2-1/2"]
[WhiteElo "1763"]
[BlackElo "1806"]
[PlyCount "63"]
[EventDate "2017.03.11"]
[EventType "swiss"]
[EventRounds "9"]
[EventCountry "CZE"]
[SourceTitle "CBM 177 Extra"]
[Source "ChessBase"]
[SourceDate "2017.04.27"]
[SourceVersion "1"]
[SourceVersionDate "2017.04.27"]
[SourceQuality "1"]

1. d4 d5 2. c4 c6 3. Nc3 e5 4. e3 exd4 5. Qxd4 Nf6 6. cxd5 cxd5 7. Nf3 Nc6 8. Qd1 Bb4 9. Bd2 0-0 10. Nb5 Bxd2+ 11. Qxd2 Ne4 12. Qc2 Qa5+ 13. Nc3 Nb4 14. Qb3 Bd7 15. a3 Nxc3 16. Qxb4 Qxb4 17. axb4 Ne4 18. Nd4 a6 19. Bd3 Rac8 20. Ke2 Rc7 21. Ra5 Nf6 22. Rc5 Rfc8 23. Rhc1 Rxc5 24. bxc5 Kf8 25. b4 Ne4 26. f3 Ng5 27. h4 Ne6 28. Nf5 g6 29. Nd6 Rc7 30. g3 a5 31. bxa5 Rxc5 32. Rb1 1/2-1/2

[Event "CZE-ch U14"]
[Site "Kouty nad Desnou"]
[Date "2017.03.11"]
[Round "1"]
[White "Polansky, Adam Lubos"]
[Black "Stinka, Jakub"]
[Result "1-0"]
[WhiteElo "1763"]
[BlackElo "2061"]
[PlyCount "75"]
[EventDate "2017.03.11"]
[EventType "swiss"]
[EventRounds "9"]
[EventCountry "CZE"]
[SourceTitle "CBM 177 Extra"]
[Source "ChessBase"]
[SourceDate "2017.04.27"]
[SourceVersion "1"]
[SourceVersionDate "2017.04.27"]
[SourceQuality "1"]

1. d4 Nf6 2. c4 g6 3. g3 d6 4. Bg2 Bg7 5. Nc3 0-0 6. Nf3 Nbd7 7. 0-0 e5 8. e4 exd4 9. Nxd4 Re8 10. h3 Nc5 11. Re1 a5 12. Ndb5 Nfd7 13. Bg5 Qxg5 14. Nxc7 Qd8 15. Nxa8 Ne5 16. Nb5 Ned3 17. Re2 Nxb2 18. Qxd6 Nxc4 19. Qxd8 Rxd8 20. Rc1 Be6 21. Nac7 Nd3 22. Rcc2 Nce5 23. Nxe6 fxe6 24. Rc7 Rd7 25. f4 Rxc7 26. Nxc7 Nc4 27. e5 Kf7 28. Bxb7 Nb4 29. Bc8 Nb6 30. Bxe6+ Ke7 31. Bg8 h6 32. Bh7 Bf8 33. Bxg6 Kd7 34. Nb5 Bc5+ 35. Kg2 Nc4 36. f5 Nd3 37. e6+ Ke7 38. f6+ 1-0

[Event "EU-ch U14 26th"]
[Site "Prague"]
[Date "2016.08.20"]
[Round "3"]
[White "Polansky, Adam Lubos"]
[Black "Lisniak, Vladislav"]
[Result "1/2-1/2"]
[WhiteElo "1773"]
[BlackElo "2075"]
[PlyCount "62"]
[EventDate "2016.08.18"]
[EventType "swiss"]
[EventRounds "9"]
[EventCountry "CZE"]
[SourceTitle "CBM 174 Extra"]
[Source "ChessBase"]
[SourceDate "2016.10.10"]
[SourceVersion "1"]
[SourceVersionDate "2016.10.10"]
[SourceQuality "1"]

1. d4 Nf6 2. c4 e6 3. g3 d5 4. Nc3 Bb4 5. Bg2 0-0 6. cxd5 exd5 7. Bg5 c6 8. Nf3 h6 9. Bxf6 Qxf6 10. 0-0 Bf5 11. Qb3 Qe7 12. a3 Bd6 13. Rfe1 Be6 14. e3 Qc7 15. Rac1 Nd7 16. Nd2 Nb6 17. Nb5 Qb8 18. Nxd6 Qxd6 19. Qc2 f5 20. Qc5 Qxc5 21. Rxc5 Rac8 22. Rcc1 g6 23. Bf1 Kf7 24. Nb3 Nd7 25. Na5 Rc7 26. b4 Rfc8 27. Nb3 Ke7 28. Rc3 Kd6 29. Rec1 Nf6 30. Nc5 Ne4 31. R3c2 g5 1/2-1/2